000 00461nam a2200169Ia 4500
003 GCL
008 140319s9999 xx 000 0 eng d
040 _aGCL /
_cGCL
082 0 4 _a611.018
_bK H
100 1 _aKLEIN, ROBERT M.
245 1 0 _aHISTOLOGY AND CELL BIOLOGY: PRETEST SELF-ASSESSMENT AND REVIEW /
_cKLEIN, ROBERT M.
260 _a[S.N] :
_bMC GRAW - HILL ،
_c1993
300 _a248 P
650 0 4 _aANATOMY
650 0 4 _aHISTOLOGY
942 _2ddc
_cBK
999 _c21325
_d21325